000 01558nam0a2200373 4500
001 RU\NLR\bibl\881856
005 20250614165135.0
021 _aRU
_b2005-51957
_92533
035 _a(nilc)RSL-KNO-002693855
035 _a(NLR Aleph) 000870417
090 _a1595981
_c1595981
100 _a20050811d2005 |||y0rusy50 ca
101 0 _arus
102 _aRU
105 _aa |||||||||
106 _ar
200 1 _aОсновные тенденции социально-экономического развития субъектов федерации Уральского федерального округа
_fС.В. Логинов
205 _aПрепринт
210 _aЕкатеринбург
_cИн-т экономики УрО РАН
_d2005
215 _a49 с.
_cил., табл.
_d21
225 1 _aНаучные доклады
_fРос. акад. наук, Ур. отд-ние, Ин-т экономики
320 _aБиблиогр.: с. 49 (13 назв.)
607 _aУральский федеральный округ
_xНародное хозяйство
_92403294
_3RU\NLR\auth\661432430
610 0 _aЭкономика -- Российская Федерация -- Урал
686 _aУ9(2Р36)0,0
_2rubbk
686 _aУ03(2Р36)74
700 1 _aЛогинов
_bС. В.
_gСергей Владимирович
_4070
801 0 _aRU
_bRuMoRKP
_c20050811
_grcr
801 1 _aRU
_bRuMoRGB
_c20050811
801 2 _aRU
_bNLR
_c20051201
_grcr
830 _aАвт. по кн.
942 _cBOOK
980 _aNB